Data Segmentation & Model Selection For Computer Vision A Statistica Approach (Record no. 25580)

MARC details
000 -LEADER
fixed length control field 00373nam a22001457a 4500
003 - CONTROL NUMBER IDENTIFIER
control field OSt
005 - DATE AND TIME OF LATEST TRANSACTION
control field 20211231145052.0
008 - FIXED-LENGTH DATA ELEMENTS--GENERAL INFORMATION
fixed length control field 211231b |||||||| |||| 00| 0 eng d
020 ## - INTERNATIONAL STANDARD BOOK NUMBER
International Standard Book Number 0387988157
040 ## - CATALOGING SOURCE
Transcribing agency HU
082 ## - DEWEY DECIMAL CLASSIFICATION NUMBER
Classification number 006.37
100 ## - MAIN ENTRY--PERSONAL NAME
Personal name Dat
9 (RLIN) 24018
245 ## - TITLE STATEMENT
Title Data Segmentation & Model Selection For Computer Vision A Statistica Approach
942 ## - ADDED ENTRY ELEMENTS (KOHA)
Source of classification or shelving scheme Dewey Decimal Classification
Koha item type Books like text book referance book
Suppress in OPAC No
Holdings
Withdrawn status Lost status Source of classification or shelving scheme Damaged status Not for loan Home library Current library Shelving location Date acquired Total Checkouts Full call number Barcode Date last seen Copy number Price effective from Koha item type
    Dewey Decimal Classification     IoT Library IoT Library General Stacks 12/31/2021   006.37/DAT2000 IOTL0003461 12/31/2021 1 12/31/2021 Books like text book referance book
    Dewey Decimal Classification     IoT Library IoT Library General Stacks 12/31/2021   006.37/DAT2000 IOTL0003462 12/31/2021 2 12/31/2021 Books like text book referance book
    Dewey Decimal Classification     IoT Library IoT Library General Stacks 12/31/2021   006.37/DAT2000 IOTL0003463 12/31/2021 3 12/31/2021 Books like text book referance book